• 首页
  • 本馆介绍
  • 公告通知
  • 最新文献
  • 馆藏检索
  • 电子资源
  • 读者导购
  • 参考咨询
  • 我的图书馆
  • 登录
  • 详细信息显示
  • 放入我的书架
  • 预约/预借图书
  • 作者相关作品
  • 分类相关作品
  • 丛书相关作品
  • 出版社相关作品

书目信息

  • 表格格式
  • 工作单格式
  • 卡片格式
题名:
草坪生态工程学导论
    
 
作者: 陈志一 编著
分册:  
出版信息: 南京   江苏科学技术出版社  2009
页数: 283页
开本: 26cm
丛书名:
单 册:
中图分类: S688.4
科图分类:
主题词: 草坪--生态工程 , 草坪 , 生态效应
电子资源:
ISBN: 978-7-5345-6104-7
000 01187nam0 2200277 45
001 1355399921
005 20130513150554.95
010    @a978-7-5345-6104-7@dCNY45.00
100    @a20130108d2009 em y0chiy0110 ea
101 0  @achi@eeng
102    @aCN@b320000
105    @ay z 001yy
106    @ar
200 1  @a草坪生态工程学导论@ACao Ping Sheng Tai Gong Cheng Xue Dao Lun@dIntroduction to lawn and turf ecological engineering@f陈志一编著@FChen Zhi Yi Bian Zhu@zeng
210    @a南京@c江苏科学技术出版社@d2009
215    @a283页@d26cm
300    @a江苏省金陵科技著作出版基金
330    @a本书分上下两篇:上篇以“草坪生态系统”为题,介绍原理、内容,包括草坪起源与演化、利用与发展、草坪结构与功能,资源、效益及可持续发展等;下篇以“草坪生态工程——生态草坪的设计、建植和养护管理”为题,介绍探索实践,内容包括草坪生态工程的一般流程,模型建立、工程设计,草坪生态系统的建植与养护管理等。
510 1  @aIntroduction to lawn and turf ecological engineering@zeng
606 0  @a草坪@x生态工程
606 0  @a草坪
606 0  @a生态效应
690    @aS688.4@v5
701  0 @a陈志一@AChen Zhi Yi@f(1938.1~)@4编著
801    @aCN@bTANGWEI@c20130111
905    @b0830995-97@dS688.4@e255@f3
    
    草坪生态工程学导论=Introduction to lawn and turf ecological engineering/陈志一编著.-南京:江苏科学技术出版社,2009
    283页;26cm
    江苏省金陵科技著作出版基金
    
    ISBN 978-7-5345-6104-7:CNY45.00
    本书分上下两篇:上篇以“草坪生态系统”为题,介绍原理、内容,包括草坪起源与演化、利用与发展、草坪结构与功能,资源、效益及可持续发展等;下篇以“草坪生态工程——生态草坪的设计、建植和养护管理”为题,介绍探索实践,内容包括草坪生态工程的一般流程,模型建立、工程设计,草坪生态系统的建植与养护管理等。
●
相关链接 在E读中查询图书 在五车中查询图书 在当当中查询图书 在豆瓣中查询图书


正题名:草坪生态工程学导论     索取号:S688.4/255         预约/预借

序号 登录号 条形码 馆藏地/架位号 状态 备注
1 0830995   208309953   第二样本阅览室/ [索取号:S688.4/255] 在馆    
2 0830996   208309962   第三借阅区/ [索取号:S688.4/255] 在馆    
3 0830997   208309971   第三借阅区/ [索取号:S688.4/255] 在馆    
唐山师范学院图书馆 欢迎您!
大连网信软件有限公司© 版权所有